000 00232nam a2200097Ia 4500
008 230605s9999 xx 000 0 und d
041 _aeng
100 _aEurodelioes
245 _aDine with Europes Hot Appetizers( 1
650 _aF. P.
999 _c416894
_d416894